Diccionario de colombianismos. (Registro nro. 11909)

Detalles MARC
000 -CABECERA
Longitud fija campo de control 01592nam a2200313 a 4500
003 - • IDENTIFICADOR DELl NÚMERO DE CONTROL
Identificador del número de control CO-ViMGA
005 - • FECHA Y HORA DE LA ÚLTIMA TRANSACCIÓN
Fecha y hora de la última transacción 20230915233606.0
008 - • CÓDIGOS DE INFORMACIÓN DE LONGITUD FIJA
Códigos de información de longitud fija 190412s2018 ck grd 00010 spa d
020 ## - • NÚMERO INTERNACIONAL NORMALIZADO PARA LIBROS
Número Internacional Normalizado para Libros (ISBN) 9789586113700
040 ## - FUENTE DE LA CATALOGACIÓN
Centro catalogador de origen CO-ViMGA
Lengua de catalogación spa
Centro transcriptor CO-ViMGA
043 ## - CÓDIGO DE ÁREA GEOGRÁFICA
Código de área geográfica s-ck---
082 04 - • NÚMERO DE LA CLASIFICACIÓN DECIMAL DEWEY
Número de clasificación (R) R467.9861
Número del ítem D42
Número de edición 21
110 ## - • PUNTO DE ACCESO PRINCIPAL-NOMBRE DE ENTIDAD CORPORATIVA
Nombre de entidad corporativa o nombre de jurisdicción como elemento inicial Instituto Caro y Cuervo
245 00 - • TITULO PROPIAMENTE DICHO
Título Diccionario de colombianismos.
300 ## - • DESCRIPCIÓN FÍSICA
Extensión 540 paginas ;
Dimensiones 24 cm.
490 ## - • MENCIÓN DE SERIE
Mención de serie Plan Nacional de Lectura y Escritura Leer es mi Cuento
500 ## - • NOTA GENERAL
Nota general Edición especial Colección de actualización bibliográfica para la Red de Bibliotecas Públicas del Ministerio de Cultura, Plan Nacional de Lectura y Escritura Leer es mi Cuento 2018
504 ## - • NOTA DE BIBLIOGRAFÍA, ETC
Nota de bibliografía, etc. Incluye referencias bibliograficas (paginas 529-540)
520 ## - • NOTA DE RESUMEN
Resumen, etc, El diccionario de colombianismos reúne voces propias del español de todas las regiones. Se caracterizan por ser un diccionario actual, con un vocabulario de uso frecuente, cotidiano, tan rico y variado como el país mismo. Con esta nueva expedición al patrimonio léxico colombiano, hemos querido contribuir al registro del español usado en Colombia...tomada de la contraportada del libro
650 14 - • PUNTO DE ACCESO ADICIONAL DE MATERIA - TÉRMINO DE MATERIA
Término de materia o nombre geográfico como elemento inicial Colombianismos
Subdivisión de forma Diccionarios.
650 14 - • PUNTO DE ACCESO ADICIONAL DE MATERIA - TÉRMINO DE MATERIA
Término de materia o nombre geográfico como elemento inicial Español
Subdivisión de materia general Provincialismos
Subdivisión geográfica Colombia
Subdivisión de forma Diccionarios.
650 14 - • PUNTO DE ACCESO ADICIONAL DE MATERIA - TÉRMINO DE MATERIA
Término de materia o nombre geográfico como elemento inicial Gentilicios
Subdivisión geográfica Colombia
Subdivisión de forma apéndices
650 14 - • PUNTO DE ACCESO ADICIONAL DE MATERIA - TÉRMINO DE MATERIA
Término de materia o nombre geográfico como elemento inicial Lingüística
650 14 - • PUNTO DE ACCESO ADICIONAL DE MATERIA - TÉRMINO DE MATERIA
Término de materia o nombre geográfico como elemento inicial Ortografía
Subdivisión de forma apéndices
650 14 - • PUNTO DE ACCESO ADICIONAL DE MATERIA - TÉRMINO DE MATERIA
Término de materia o nombre geográfico como elemento inicial Siglas
Subdivisión de forma apéndices
942 ## - ENTRADA DE ELEMENTOS AGREGADOS (KOHA)
Fuente de clasificaión o esquema Dewey Decimal Classification
Koha [por defecto] tipo de item Libro Referencia
Existencias
Perdido Fuente de clasificación o esquema Estado Físico No para préstamo Forma de adquisición Localización permanente Localización actual Fecha adquisición Coste, precio normal de compra Préstamos totales Signatura completa Código de barras Fecha última consulta Número de copia Fecha del precio de reemplazo Tipo de item de Koha Localización en estanterías Note pública
  Dewey Decimal Classification     Colección General Biblioteca Pública Dorado Biblioteca Pública Dorado 02/27/2024     R467.9861 D42 DOR00941 02/27/2024 Ej.1 02/27/2024 Libro Referencia Referencia  
  Dewey Decimal Classification     Colección General Biblioteca Pública Puerto López - Jorge Eliecer Gaitán Biblioteca Pública Puerto López - Jorge Eliecer Gaitán 05/15/2025     R467.9861 D42 PLZ00578 05/15/2025 Ej.1 05/15/2025 Libro Referencia Referencia  
  Dewey Decimal Classification     Colección General Biblioteca Pública San Carlos de Guaroa - Eduardo Carranza Biblioteca Pública San Carlos de Guaroa - Eduardo Carranza 07/16/2025     R467.9861 D42 SG03806 07/16/2025 Ej.1 07/16/2025 Libro Referencia General  
  Dewey Decimal Classification     Sala General Biblioteca Comunitaria - Villavicencio Biblioteca Comunitaria - Villavicencio 06/12/2019 73722.00   R467.9861 D42 32909 06/12/2019 Ej. 2 06/12/2019 Libro Referencia    
  Dewey Decimal Classification     Colección General Biblioteca Pública El Castillo - Alfonso Meneses Biblioteca Pública El Castillo - Alfonso Meneses 06/27/2025     R467.9861 D42 EC01705 06/27/2025 Ej.1 06/27/2025 Libro Referencia General  
        Sala de Referencia Maruja Hernández de Gil Biblioteca Pública Departamental Eduardo Carranza - Villavicencio Biblioteca Pública Departamental Eduardo Carranza - Villavicencio 01/04/2019     R 467.986 I57d ECA27155 11/26/2024 Ej.1 11/26/2024 LIbro Referencia 20118 | 25921
        Sala de Referencia Maruja Hernández de Gil Biblioteca Pública Departamental Eduardo Carranza - Villavicencio Biblioteca Pública Departamental Eduardo Carranza - Villavicencio 03/04/2019     R 467.986 I57d ECA14314 11/26/2024 Ej.2 11/26/2024 LIbro Referencia 20118 | 25920
  Dewey Decimal Classification     Sala General Segundo Piso Biblioteca Pública Germán Arciniegas - Villavicencio Biblioteca Pública Germán Arciniegas - Villavicencio 06/12/2019 73722.00   R467.9861 D42 32908 06/12/2019 Ej. 1 06/12/2019 Libro Referencia    









Instituto Departamental de Cultura del Meta - Red Departamental de Bibliotecas Públicas del Meta.